| 000 | 00690cam a2200205 a 4500 | ||
|---|---|---|---|
| 003 | CO-ViMGA | ||
| 005 | 20230915233138.0 | ||
| 008 | 950427s1994 ck a r 00011 spa d | ||
| 020 | _a9582001879 | ||
| 040 |
_aCO-ViMGA _bspa _cCO-ViMGA |
||
| 082 | 0 | 4 |
_aCo862.6 _bM65s1 _219 ed. |
| 100 | 1 |
_aMonsalve Pinto, Juan. _94134 |
|
| 245 | 1 | 0 |
_aSeis obras en busca de actores / _cJuan Monsalve Pinto ; ilustraciones Daniel Jaime. |
| 260 |
_aSantafé de Bogotá : _bCooperativa Editorial Magisterio, _c1994. |
||
| 300 |
_a80 p. : _bil. ; _c20 cm. |
||
| 650 | 1 | 4 |
_aTeatro escolar e infantil. _9159 |
| 650 | 6 |
_aTeatro colombiano. _92777 |
|
| 700 | 1 |
_aJaime, Daniel, _eil. _94135 |
|
| 942 |
_2ddc _cBK |
||
| 999 |
_c35677 _d35677 |
||